| 000 | 00492cam a2200205ua 4500 | ||
|---|---|---|---|
| 001 | 1326 | ||
| 008 | 141204n ii |||gr||||Z||||||eng | ||
| 040 | _cMAIN | ||
| 041 | _aeng | ||
| 082 | _a301 | ||
| 100 | _aMukhi, H R., | ||
| 245 |
_aSimple book of sociology. _cBy H R Mukhi. |
||
| 250 | _a6th. | ||
| 260 |
_aDelhi.: _bSurajit book depot.,999. |
||
| 300 |
_aviii, 576 p.: _c25 cm. |
||
| 653 | _aEconomics. | ||
| 653 | _aSociology. | ||
| 653 | _aSimple book of sociology. | ||
| 942 | _cBK | ||
| 999 |
_c1226 _d1226 |
||